logo

Bir Sreshtho Munshi Abdur Rouf Library
Jhenaidah Cadet College

The Struggling Democracy of Bangladesh / (Record no. 1717)

MARC details
000 -LEADER
fixed length control field 00515nam a2200205 a 4500
001 - CONTROL NUMBER
JCCL Control Number 1717
003 - CONTROL NUMBER IDENTIFIER
JCCL marc code BD-JhCC
005 - DATE AND TIME OF LATEST TRANSACTION
control field 20171023185702.0
008 - FIXED-LENGTH DATA ELEMENTS--GENERAL INFORMATION
fixed length control field 171023s2002 bg |||| |||| 000 0 eng d
035 ## - SYSTEM CONTROL NUMBER
system control number (BD-JhCC)1717
040 ## - CATALOGING SOURCE
Original cataloging agency BD-JhCC
Modifying agency BD-JhCC
041 ## - LANGUAGE CODE
Language code of Book eng
082 ## - DEWEY DECIMAL CLASSIFICATION NUMBER
Classification number 321.8
Author mark and Year KAB 2002
100 ## - MAIN ENTRY--PERSONAL NAME
Personal name Kabir, Amanullah
245 ## - TITLE STATEMENT
Title The Struggling Democracy of Bangladesh /
Statement of responsibility, etc Amanullah Kabir
260 ## - PUBLICATION, DISTRIBUTION, ETC. (IMPRINT)
Place of publication, distribution, etc Dhaka :
Name of publisher, distributor, etc Adorn ;
Date of publication, distribution, etc 2002
300 ## - PHYSICAL DESCRIPTION
Pagination 216 p. ;
Dimensions 22 cm
650 ## - SUBJECT ADDED ENTRY--TOPICAL TERM
Topical term or geographic name as entry element Democracy
942 ## - ADDED ENTRY ELEMENTS (KOHA)
Source of classification or shelving scheme Dewey Decimal Classification
Koha item type Books
Holdings
Source of classification or shelving scheme Damaged status Not for loan Home library Current library Date of accession Total Checkouts Full call number Barcode Date last seen Koha item type
Dewey Decimal Classification     JCC Rouf Library JCC Rouf Library 10/23/2017   321.8 KAB 2002 3018 10/23/2017 Books

JCC Library | Contacts | JCC Home

Last Update on 23 September 2017
Copyright @ 2017-2020 JCC Rouf Library
Rouf Library, Jhenidah Cadet College (JCC), Bangladesh